Dangerous Dog Breeds - Statistics

General Stats
  • This quiz has been taken 35 times
  • The average score is 13 of 40
Answer Stats
Picture Answer % Correct
German Shepherd
88%
Rottweiler
85%
Doberman
81%
Great Dane
81%
Husky
81%
Dalmatian
73%
Pit Bull
62%
Chow Chow
58%
Bull Terrier
54%
Chihuahua
46%
St. Bernard
46%
Akita
42%
Bullmastiff
42%
American Bulldog
38%
Cane Corso
38%
Wolf Dog
38%
Dogo Argentino
35%
Malamute
35%
Shar Pei
31%
Newfoundland
27%
Basenji
23%
fila Brasileiro
19%
Pharaoh Hound
19%
Tibetan Mastiff
19%
Bedlington Terrier
15%
Presa Canario
15%
American Bully
12%
Neapolitan Mastiff
12%
Rhodesian Ridgeback
12%
The Moscow Watchdog
12%
Dogue De Bordeaux
8%
Staffordsshire Bull Terrier
8%
Gull Dong
4%
Japanese Tosa
4%
Korean Jindo
4%
Russian Black terrier
4%
Bandogge
0%
Bully Kuta
0%
Caucasian Ovcharka
0%
Czechoslovakian Vlcak
0%
No matching quizzes found
Score Distribution
Percent of People with Each Score
Percentile by Number Answered
Your Score History
You have not taken this quiz